000 00393nam a22001577a 4500
003 MPLRDC
005 20220104123418.0
008 210129b ||||| |||| 00| 0 eng d
082 _a467.4 WR
100 _a王荣编著
245 _a塑料涂剂与塑品制法
_c
260 _a
_b香港艺美图书公司
_c1975
300 _b
650 _a合成树脂; 塑胶
942 _cBK
_o467.4 WR
999 _c11227
_d11217